Govt. of
Madhya Pradesh

Freezing Stories For Children (Record no. 63791)

MARC details
000 -LEADER
fixed length control field 00253nam a22001097a 4500
082 ## - DEWEY DECIMAL CLASSIFICATION NUMBER
Classification number 741.642
100 ## - MAIN ENTRY--AUTHOR NAME
Personal name Verendar
245 ## - TITLE STATEMENT
Title Freezing Stories For Children
260 ## - PUBLICATION, DISTRIBUTION, ETC. (IMPRINT)
Place of publication Delhi
Name of publisher Raj Book
Year of publication 2017
650 ## - SUBJECT ADDED ENTRY--TOPICAL TERM
Topical Term Children
942 ## - ADDED ENTRY ELEMENTS (KOHA)
Koha item type Books
Holdings
Withdrawn status Lost status Damaged status Not for loan Home library Current library Date acquired Cost, normal purchase price Full call number Accession Number Price effective from Koha item type
        MACL MACL 23/10/2020 395.00 741.642 RRC000303 23/10/2020 Books